000 00299nam a2200097Ia 4500
008 220204s9999 xx 000 0 und d
082 _aNR:339.564
_bUPA
245 0 _aNational workshop on export possibilities and procedures of natural rubber products
260 _aKottayam
_bUPASI
_c1992
942 _cBK
999 _c40445
_d40445